000 00958cam a22002534a 4500
005 20090520130108.0
008 090121s2009 ii g b 001 0 eng
010 _aENG-95572
020 _a9788178311739
_c900.00
035 _aEN-79105
037 _aDBAD/PUB
040 _aDPL
245 _aEnvironmental accounting
_bExplorations in methodogy
_cedited by Amitabh Kundu and Michael von Hauff
260 _aNew Delhi :
_bManak Publications PVT. LTD.
_c2008
270 _aB-7, Saraswati complex, Subhash chowk, Laxmi Nagar
_bNew Delhi
_e110092
300 _axvii,283 p. ;
_c23 cm.(Hb)
500 _aIncludes index.
504 _aIncludes bibliographical references and Indix
700 _aKundu, Amitabh,
700 _aHauff, Michael von
942 _2ddc
_cEN
_mENV
999 _c32124
_d32124